Logros alanzados y resultados operacionales de la Dirección de Inteligencia Naval (M-2), en la lucha contra la migración ilegal y otros delitos conexos en la República Dominicana (agosto 2018-octubre 2019) / (Registro nro. 6374)

Detalles MARC
000 -CABECERA
campo de control de longitud fija 01623nam a22002417a 4500
003 - IDENTIFICADOR DEL NÚMERO DE CONTROL
campo de control DO-SdBJH
005 - FECHA Y HORA DE LA ÚLTIMA TRANSACCIÓN
campo de control 20210803150416.0
008 - DATOS DE LONGITUD FIJA--INFORMACIÓN GENERAL
campo de control de longitud fija 210727b ||||| |||| 00| 0 spa d
040 ## - FUENTE DE LA CATALOGACIÓN
Centro catalogador/agencia de origen DO-SdBJH
Lengua de catalogación spa
Centro/agencia transcriptor DO-SdBJH
090 ## - LOCALMENTE ASIGNADO TIPO-LC NÚMERO DE CLASIFICACIÓN (OCLC); NÚMERO DE CLASIFICACIÓN LOCAL (RLIN)
Número de clasificación (OCLC) (R) ; Numero de clasificación, CALL (RLIN) (NR) TG ANGM
Número cutter local (OCLC) ; Número de libro/Signatura topográfica íntegra, CALL (RLIN) 01616 2019
100 1# - ENTRADA PRINCIPAL--NOMBRE DE PERSONA
Nombre de persona López Ventura, Gabriela
Término indicativo de función/relación sustentante
245 10 - MENCIÓN DE TÍTULO
Título Logros alanzados y resultados operacionales de la Dirección de Inteligencia Naval (M-2), en la lucha contra la migración ilegal y otros delitos conexos en la República Dominicana (agosto 2018-octubre 2019) /
Mención de responsabilidad, etc. Gabriela López Ventura, Juan Rafael Rodríguez Nolasco, asesores Feliz Ledesma, Juan Acosta Lucas
260 ## - PUBLICACIÓN, DISTRIBUCIÓN, ETC.
Lugar de publicación, distribución, etc. Santo Domingo Este :
Nombre del editor, distribuidor, etc. INSUDE,
Fecha de publicación, distribución, etc. 2019
300 ## - DESCRIPCIÓN FÍSICA
Extensión v, 71 páginas
502 ## - NOTA DE TESIS
Nota de tesis Trabajo de grado (Licenciado en Ciencias Navales). -- Instituto Superior para la Defensa (INSUDE). Academia Naval Marina de Guerra “Vicealmirante Cesar D’Windt Lavandier”, 2019
504 ## - NOTA DE BIBLIOGRAFÍA, ETC.
Nota de bibliografía, etc. Incluye referencias bibliográficas e índices
505 ## - NOTA DE CONTENIDO CON FORMATO
Nota de contenido con formato Generalidades de la inteligencia. -- Origen, evolución y organización de la Dirección de Inteligencia Naval (M-2), ARD. -- Logros alcanzados y resultados operacionales de la Dirección de Inteligencia Naval (M-2), ARD, en la lucha contra la migración ilegal y otros delitos conexos en la República Dominicana (agosto 2018-octubre 2019)
700 1# - PUNTO DE ACCESO ADICIONAL--NOMBRE DE PERSONA
Nombre de persona Rodríguez Nolasco, Juan Rafael
Término indicativo de función/relación sustentante
700 1# - PUNTO DE ACCESO ADICIONAL--NOMBRE DE PERSONA
Nombre de persona Feliz Ledesma
Término indicativo de función/relación asesor
700 1# - PUNTO DE ACCESO ADICIONAL--NOMBRE DE PERSONA
Nombre de persona Acosta Lucas, Juan
Término indicativo de función/relación asesor
830 ## - PUNTO DE ACCESO ADICIONAL DE SERIE-TÍTULO UNIFORME
Título uniforme INSUDE. Academia Naval Marina de Guerra “Vicealmirante Cesar D’Windt Lavandier”. Tesis y disertaciones académicas
942 ## - ELEMENTOS DE PUNTO DE ACCESO ADICIONAL (KOHA)
Fuente del sistema de clasificación o colocación Clasificación Local
Tipo de ítem Koha Tesis
Existencias
Estado de retiro Estado de pérdida Fuente del sistema de clasificación o colocación Estado dañado No para préstamo Código de colección Localización permanente Ubicación/localización actual Fecha de adquisición Número de inventario Total de préstamos Signatura topográfica completa Código de barras Fecha visto por última vez Número de copia Precio válido a partir de Tipo de ítem Koha
    Clasificación Local   Préstamo Interno Trabajos de Grado e Investigción SIBM UNADE - Biblioteca Sede Central SIBM UNADE - Biblioteca Sede Central 07/27/2021 01616   TG ANMG 01616 2019 01616 07/27/2021 e.1 07/27/2021 Tesis
© Copyright 2016. Universidad Nacional para la Defensa.Todos los derechos reservados.

 

Designed & Maintained by: https://www.sibdweb.com.do
Sistema de Información & Bibliotecas (SIBD). Contact: pbrito2005@gmail.com